| 000 | 00656nam a2200193 4500 | ||
|---|---|---|---|
| 001 | 117107 | ||
| 003 | ES-MaACL | ||
| 005 | 20230906190830.0 | ||
| 007 | t| | ||
| 008 | 070228s1974 sp r ||||1| spa d | ||
| 100 | 1 |
_aPasto, Daniel J. _989469 |
|
| 245 | 1 | 0 |
_aDeterminación de estructuras orgánicas / _cDaniel J. Pasto ; Carl R. Johnson ; versión por R. Areal Guerra y J. Tomás Romagosa. |
| 260 |
_aBarcelona [etc.] : _bReverté, _c1974. |
||
| 300 |
_aXIII, 577 p. : _bil ; _c22 cm. |
||
| 700 | 1 |
_aJohson, Carl R. _966783 |
|
| 700 | 1 |
_aAreal Guerra, Rogelio. _922560 |
|
| 700 | 1 |
_aTomás Romagosa, J. _9110527 |
|
| 852 |
_aES-MaACL _jA-6017 _bR.95016 |
||
| 999 |
_c117107 _d117107 |
||